000 00701cam a2200229 4500
001 J63709
008 000000n2001 000 0 eng u
035 _a(Sirsi) u111382
050 _a331.281333
110 _aRoyal Institution of Chartered Surveyors
_94900
245 4 _aThe 2001 RICS and Macdonald & Company salary & benefits survey : research findings
260 _aLondon
_bMcDonalds & Co.
_c2001
300 _a32p. ; 30cm.
520 _aExtract appeared in March 2001 CSM.
650 _aRICS
650 _aSALARY SURVEYS
650 _aSURVEYORS
650 _aSURVEYING PROFESSION
690 _aMANAGEMENT-BUSINESS MANAGEMENT
710 _aMacdonald and Company
_93846
942 _n0
999 _c101238
_d101238